Statistics for Countries with the largest Muslim Population

Click here to take the quiz!

General Stats

  • This quiz has been taken 647 times
  • The average score is 12 of 15

Answer Stats

HintAnswer% Correct
#7Iran
95%
#2Pakistan
95%
#1Indonesia
93%
#5Egypt
92%
#11Iraq
91%
#3India
90%
#8Turkey
88%
#9Algeria
85%
#10Morocco
80%
#4Bangladesh
79%
#12Sudan
79%
#13Afghanistan
78%
#6Nigeria
78%
#14Ethiopia
58%
#15Uzbekistan
48%

Score Distribution

Percentile by Number Answered

Percent of People with Each Score

Your Score History

You have not taken this quiz